Employees' misconduct : (Record no. 45920)
[ view plain ]
| 000 -LEADER | |
|---|---|
| fixed length control field | 01000nam a2200265 a 4500 |
| 001 - CONTROL NUMBER | |
| control field | 45920 |
| 003 - CONTROL NUMBER IDENTIFIER | |
| rucl marc code | BD-RjUL |
| 005 - DATE AND TIME OF LATEST TRANSACTION | |
| control field | 20211209054102.0 |
| 008 - FIXED-LENGTH DATA ELEMENTS--GENERAL INFORMATION | |
| fixed length control field | 16 s1968 ii b 001 0 eng |
| 035 ## - SYSTEM CONTROL NUMBER | |
| System control number | (BD-RjUL)46038 |
| 040 ## - CATALOGING SOURCE | |
| Original cataloging agency | DLC |
| Transcribing agency | DLC |
| Modifying agency | m.c. |
| -- | MYG |
| -- | BD-RjUL |
| Language of cataloging | eng |
| 041 ## - LANGUAGE CODE | |
| Language code of text/sound track or separate title | eng |
| 082 ## - DEWEY DECIMAL CLASSIFICATION NUMBER | |
| Edition number | 23 |
| Classification number | 340 |
| Author mark and year | AVE 1968 |
| 100 1# - MAIN ENTRY--PERSONAL NAME | |
| Personal name | Avins, Alfred. |
| 9 (RLIN) | 140425 |
| 245 10 - TITLE STATEMENT | |
| Title | Employees' misconduct : |
| Remainder of title | as cause for discipline and dismissal in India and the Commonwealth / |
| Statement of responsibility, etc. | Alfred Avins |
| 260 ## - PUBLICATION, DISTRIBUTION, ETC. (IMPRINT) | |
| Place of publication, distribution, etc. | Allahabad : |
| Name of publisher, distributor, etc. | Law Book Co., |
| Date of publication, distribution, etc. | c1968. |
| 300 ## - PHYSICAL DESCRIPTION | |
| Pagination | cxxiv, 731 p. |
| Size | 25 cm. |
| 500 ## - GENERAL NOTE | |
| General note | Submitted to the Faculty of Law, University of Cambridge for the PH. D. degree, in 1965. |
| General note | distributed exclusively in North and South America by Oceana Publications, Dobbs Ferry, N.Y. |
| 650 #0 - SUBJECT ADDED ENTRY--TOPICAL TERM | |
| Topical term or geographic name as entry element | Labor discipline |
| Geographic subdivision | India. |
| 9 (RLIN) | 140426 |
| Topical term or geographic name as entry element | Employees |
| General subdivision | Dismissal of |
| Geographic subdivision | India. |
| 9 (RLIN) | 140427 |
| Topical term or geographic name as entry element | Labor discipline. |
| 9 (RLIN) | 140428 |
| Topical term or geographic name as entry element | Employees |
| General subdivision | Dismissal of. |
| 9 (RLIN) | 133154 |
| 942 ## - ADDED ENTRY ELEMENTS (KOHA) | |
| Source of classification or shelving scheme | Dewey Decimal Classification |
| Koha item type | Books |
| Lost status | Source of classification or shelving scheme | Damaged status | Not for loan | Collection code | Permanent Location | Current Location | Shelving location | Date acquired | Source of acquisition | Total Checkouts | Full call number | Date last seen | Copy number | Koha item type |
|---|---|---|---|---|---|---|---|---|---|---|---|---|---|---|
| Dewey Decimal Classification | Non-fiction | Central Library, University of Rajshahi | Central Library, University of Rajshahi | 12/08/1972 | Pakistan Law House | 340 AVE 1968 | 28/07/2016 | C-2 | Books |